Normal view
MARC view
Entry Personal Name
001 - CONTROL NUMBER
- control field: 14322
003 - CONTROL NUMBER IDENTIFIER
- control field: BD-RjUL
005 - DATE AND TIME OF LATEST TRANSACTION
- control field: 20241119113130.0
008 - FIXED-LENGTH DATA ELEMENTS
- fixed length control field: 241119|| aca||aabn | a|a d
040 ## - CATALOGING SOURCE
- Original cataloging agency: BD-RjUL
- Transcribing agency: BD-RjUL
100 ## - HEADING--PERSONAL NAME
- Personal name: রামনারায়ণবিদ্যারত্নেন
670 ## - SOURCE DATA FOUND
- Source citation: Work cat.: (BD-RjUL)84324: রুপগোস্বামী 14321, উজ্জ্বলনীলমণিঃ / , ১৯১৯